Hamilton Lyrics Quiz - Statistics

General Stats
  • This quiz has been taken 529 times
  • The average score is 11 of 15
Answer Stats
Person Lyric Answer % Correct
Eliza You walked in and my ______ went BOOM! Heart
98%
Angelica I know my sister like i _____ my own _____ Know, Mind
97%
Philip Hamilton You can write rhymes , but you can't _____ ___! >:3 Write mine.
88%
Washingmachine Let me tell you what i'd wish i'd _____.... Known
84%
Lafayette _______ Hamilton! (Monsieur Lafayette!) Monsieur
83%
Samuel Seabury I pray the king sows you his _____- Mercy
82%
Jefferson The very seat of Government where ______ ____. Hamilton Sits
78%
Hamilton Himself. Are we a Nation of States? What's the _____ __ ___ _____? State of our nation??
78%
Charles Lee Have your ________ meet face to face! Seconds
73%
George Eacker Your father's a scoundren and so it ____ ___ ___. Seems are you.
71%
King George DA DA DA DA DA DA DA DA DA DAY A __ __ __ DA, DA DA
70%
John Laurens We'll never be free until we ___ _______! End Slavery!
68%
Mulligan A tailor Spying on the british ________! Government
63%
Aaron Burr We rowed across the Hudson at dawn. __ ______ .... My friend
37%
James Madison (I mean, you could get this) _______ France
14%
No matching quizzes found
Score Distribution
Percent of People with Each Score
Percentile by Number Answered
Your Score History
You have not taken this quiz